007060000a220009700045001000026000002450067000263000055000935000052001485200363002007730045005631 aSilva Romero, Ricardo10aUn nuevo mundo : David Lynch estrena su grito de independencia aVol.0, núm.14 (Noviembre, 2006), Páginas 28-29 aEscritor, periodista y columnista de opinión. aLa tecnología digital, internet y la autogestión están revolucionando la industria del cine norteamericano. Grandes directores como David Lynch se la juegan solos con bajos presupuestos y control absoluto de sus producciones, como en Inland Empire, su última película. ¿Lograrán los directores de culto derrotar a los productores de Hollywood?0 tArcadia / Andrés Felipe Solano, Editor